| 000 | 00857nam a2200169 a 4500 | ||
|---|---|---|---|
| 090 |
_aIAVH _b00765 CD-1 |
||
| 041 | _aspa | ||
| 100 |
_aVera Ardila, Mónica Lucía _92039 |
||
| 245 | _aListado de los géneros de malacofauna terrestre de Colombia | ||
| 260 |
_aBogotá _bInstituto Alexander von Humboldt _c2004 |
||
| 300 | _a5 p. | ||
| 520 | _aSe realizó una revisión bibliográfica de las familias de moluscos terrestres del país y a partir de esta se generó un listado con 80 géneros de moluscos terrestres presentes en Colombia. Adicionalmente, se realizó la documentación de metadatos mediante la aplicación M3Cat | ||
| 650 |
_aRevisión bibliográfica _992482 |
||
| 650 |
_aMoluscos terrestres _992483 |
||
| 945 | _d2007-08-16 | ||
| 773 | 0 |
_05986 _99704 _a _b _dBogotá Informatica documental 2007 _o024802 _tInformes de investigaciones IAVH en PDF _w _x _z |
|
| 999 |
_c6010 _d6010 |
||